<?xml version="1.0" encoding="UTF-8"?>
<record
    xmlns:xsi="http://www.w3.org/2001/XMLSchema-instance"
    xsi:schemaLocation="http://www.loc.gov/MARC21/slim http://www.loc.gov/standards/marcxml/schema/MARC21slim.xsd"
    xmlns="http://www.loc.gov/MARC21/slim">

  <leader>00379nam a22001577a 4500</leader>
  <controlfield tag="005">20240816085133.0</controlfield>
  <controlfield tag="008">240816b        |||||||| |||| 00| 0 eng d</controlfield>
  <datafield tag="040" ind1=" " ind2=" ">
    <subfield code="c">  </subfield>
  </datafield>
  <datafield tag="245" ind1=" " ind2=" ">
    <subfield code="a">INTRODUCTION TO SOCIOLOGY</subfield>
  </datafield>
  <datafield tag="250" ind1=" " ind2=" ">
    <subfield code="a">1ST</subfield>
  </datafield>
  <datafield tag="260" ind1=" " ind2=" ">
    <subfield code="b">BIDYA BHAWAN</subfield>
    <subfield code="c">2022</subfield>
  </datafield>
  <datafield tag="300" ind1=" " ind2=" ">
    <subfield code="a">361:P</subfield>
  </datafield>
  <datafield tag="700" ind1=" " ind2=" ">
    <subfield code="a">SAIKIA, DR. JYOTI PRASAD</subfield>
    <subfield code="9">48</subfield>
  </datafield>
  <datafield tag="700" ind1=" " ind2=" ">
    <subfield code="a">PATHAK, SURAVI</subfield>
    <subfield code="9">51</subfield>
  </datafield>
  <datafield tag="942" ind1=" " ind2=" ">
    <subfield code="2">ddc</subfield>
    <subfield code="c">BK</subfield>
  </datafield>
  <datafield tag="999" ind1=" " ind2=" ">
    <subfield code="c">30850</subfield>
    <subfield code="d">30850</subfield>
  </datafield>
  <datafield tag="952" ind1=" " ind2=" ">
    <subfield code="0">0</subfield>
    <subfield code="1">0</subfield>
    <subfield code="2">ddc</subfield>
    <subfield code="4">0</subfield>
    <subfield code="7">0</subfield>
    <subfield code="8">TBSOC</subfield>
    <subfield code="a">MAIN</subfield>
    <subfield code="b">MAIN</subfield>
    <subfield code="c">SO#</subfield>
    <subfield code="d">2024-08-16</subfield>
    <subfield code="l">0</subfield>
    <subfield code="o">301 SAI</subfield>
    <subfield code="p">49381</subfield>
    <subfield code="r">2024-08-16 08:52:33</subfield>
    <subfield code="w">2024-08-16</subfield>
    <subfield code="y">BK</subfield>
    <subfield code="z">V</subfield>
  </datafield>
  <datafield tag="952" ind1=" " ind2=" ">
    <subfield code="0">0</subfield>
    <subfield code="1">0</subfield>
    <subfield code="2">ddc</subfield>
    <subfield code="4">0</subfield>
    <subfield code="7">0</subfield>
    <subfield code="8">TBSOC</subfield>
    <subfield code="a">MAIN</subfield>
    <subfield code="b">MAIN</subfield>
    <subfield code="c">SO#</subfield>
    <subfield code="d">2024-08-16</subfield>
    <subfield code="l">1</subfield>
    <subfield code="o">301 SAI</subfield>
    <subfield code="p">49382</subfield>
    <subfield code="r">2025-08-20 08:11:48</subfield>
    <subfield code="s">2025-08-13</subfield>
    <subfield code="w">2024-08-16</subfield>
    <subfield code="y">BK</subfield>
    <subfield code="z">V</subfield>
  </datafield>
</record>
